| 000 | 00000nam##2200000za#4500 |
| 001 | 9.647641 |
| 003 | CaOODSP |
| 005 | 20200330130057 |
| 007 | ta |
| 008 | 150407|1999||||xxc||||| f|0| 0 eng|d |
| 020 | |a0-662-28601-4 |
| 040 | |aCaOODSP|beng |
| 043 | |an-cn--- |
| 086 | 1 |aM92-180/1999E |
| 110 | 1 |aCanada.|bNatural Resources Canada. |bClimate Change Secretariat. |
| 245 | 10|aTaking action on climate change : |bat home, at work, on the road / |cIssued by the Climate Change Secretariat. |
| 260 | |aOttawa - Ontario : |bNatural Resources Canada. |c1999. |
| 300 | |a16p. : |billus. ; |c21 cm. |
| 500 | |aN.B.: Incorrect catalogue number (M27-01-1257E) printed in this publication. |
| 563 | |aPamphlet |
| 590 | |a00-09|b2000-03-03 |
| 690 | 07|aEnergy efficiency|2gcpds |
| 775 | 08|tPassez à l'action pour atténuer les changements climatiques : |w(CaOODSP)9.681044 |
| 776 | 0#|tTaking action on climate change : |w(CaOODSP)9.695433 |